000 00307nam a2200121 a 4500
001 000045930
005 20201002052530.0
008 150602s2004 000 spa d
040 _aDO-SdBNP
_bspa
_cBNPHU
245 0 _aCarnet de bord 2007-2008.
260 _as. l.,
_cs. f.
300 _a80 p. :
_bil. ;
_c22 cm.
999 _c45419
_d45419